Statistics for Name all EHL (European Hockey League) Champion's (2021-1996).

Click here to take the quiz!

General Stats

  • This quiz has been taken 7 times
  • The average score is 7 of 26

Answer Stats

YearChampion% Correct
1996Novogorod Bruins
67%
2005Novogorod Bruins
67%
2020Novogorod Bruins
67%
2011Novogorod Bruins
67%
2014Moscow CSKA
50%
2008Moscow CSKA
50%
2000Belarus HT
17%
2017Belarus HT
17%
2021Helsinki Ice
17%
2004Helsinki Ice
17%
1998Munich Bavarians
17%
2002Munich Bavarians
17%
2010Oslo Sharks
17%
2016Paris Penguins
17%
1997Paris Penguins
17%
2015Paris Penguins
17%
2009Paris Penguins
17%
2012Paris Penguins
17%
2013Paris Penguins
17%
2006Prague Panthers
17%
2001Prague Panthers
17%
2007Sarajevo Trojans
17%
2003Sarajevo Trojans
17%
2018Sarajevo Trojans
17%
1999Sarajevo Trojans
17%
2019Sarajevo Trojans
17%

Score Distribution

Percentile by Number Answered

Percent of People with Each Score

Your Score History

You have not taken this quiz